logo

Bir Sreshtho Munshi Abdur Rouf Library
Jhenaidah Cadet College

বাংলাদেশের ভূমি ব্যবস্থাপনা / (Record no. 9712)

MARC details
000 -LEADER
fixed length control field 00778nam a2200241 a 4500
001 - CONTROL NUMBER
JCCL Control Number 9712
003 - CONTROL NUMBER IDENTIFIER
JCCL marc code BD-JhCC
005 - DATE AND TIME OF LATEST TRANSACTION
control field 20180322174504.0
008 - FIXED-LENGTH DATA ELEMENTS--GENERAL INFORMATION
fixed length control field 180322s20002007bg |||| ||a| 000 0 b d
020 ## - INTERNATIONAL STANDARD BOOK NUMBER
International Standard Book Number 9844654769
035 ## - SYSTEM CONTROL NUMBER
system control number (BD-JhCC)9712
040 ## - CATALOGING SOURCE
Original cataloging agency BD-JhCC
Modifying agency BD-JhCC
041 ## - LANGUAGE CODE
Language code of Book ben
082 ## - DEWEY DECIMAL CLASSIFICATION NUMBER
Classification number 333.73
Author mark and Year DEV 2007
100 ## - MAIN ENTRY--PERSONAL NAME
Personal name দেবনাথ, নারায়ণ চন্দ্র
245 ## - TITLE STATEMENT
Title বাংলাদেশের ভূমি ব্যবস্থাপনা /
Statement of responsibility, etc নারায়াণ চন্দ্র দেবনাথ
260 ## - PUBLICATION, DISTRIBUTION, ETC. (IMPRINT)
Place of publication, distribution, etc ঢাকা:
Name of publisher, distributor, etc সাহিত্য প্রকাশ;
Date of publication, distribution, etc 2007.
300 ## - PHYSICAL DESCRIPTION
Pagination 631 p. :
Dimensions 21 cm.
651 ## - SUBJECT ADDED ENTRY--GEOGRAPHIC NAME
Geographic name Land Management
651 ## - SUBJECT ADDED ENTRY--GEOGRAPHIC NAME
Geographic name Soil Remediation
942 ## - ADDED ENTRY ELEMENTS (KOHA)
Source of classification or shelving scheme Dewey Decimal Classification
Koha item type Books
Holdings
Source of classification or shelving scheme Damaged status Not for loan Home library Current library Shelving location Date of accession Cost, normal purchase price Total Checkouts Full call number Barcode Date last seen Copy number Koha item type
Dewey Decimal Classification     JCC Rouf Library JCC Rouf Library General Stacks 03/22/2018 550.00   333.73 DEV 2007 12193 03/22/2018 C - 1 Books

JCC Library | Contacts | JCC Home

Last Update on 23 September 2017
Copyright @ 2017-2020 JCC Rouf Library
Rouf Library, Jhenidah Cadet College (JCC), Bangladesh